Ghosts /

For years, Mrs. Alving has, for appearance's sake, endured a loveless marriage to a dissolute and drunken man. She even sent her only son away from home so that he would not be corrupted by his father. But despite (or, ironically, perhaps because of) her efforts, the ghosts of the past and resu...

Full description

Bibliographic Details
Corporate Authors: Insight Media (Firm), Yorkshire Television
Other Authors: Ibsen, Henrik, 1828-1906, Cunliffe, David, Tutin, Dorothy, 1930-2001, Pasco, Richard, Fraser, Ronald, Deacon, Brian, 1949-, Foster, Julia
Format: Video VHS
Language:English
Published: ©1996
Subjects:

MARC

Tag First Indicator Second Indicator Subfields
LEADER 00000cgm a2200000Ia 4500
001 in00001576839
005 20151022105318.0
007 vf cbaho-
008 001219s1996 nyu077 vleng d
035 |a (OCoLC)ocm45597746 
040 |a TXA  |c TXA  |d UtOrBLW 
049 |a TXAM 
090 |a PT8865  |b .A336 1996 
092 |a 792.92 
245 0 0 |a Ghosts /  |c by Henrik Ibsen ; Yorkshire Television Colour production ; directed by David Cunliffe. 
264 2 |a New York :  |b Distributed by Insight Media,  |c [1996] 
264 4 |c ©1996 
300 |a 1 videocassette (77 min.) :  |b sound, color ;  |c 1/2 in. 
336 |a two-dimensional moving image  |b tdi  |2 rdacontent 
337 |a video  |b v  |2 rdamedia 
338 |a videocassette  |b vf  |2 rdacarrier 
538 |a VHS. 
511 1 |a Dorothy Tutin, Richard Pasco, Ronald Fraser, Brian Deacon, Julia Foster. 
500 |a Based on the play Ghosts by Henrik Ibsen. 
520 |a For years, Mrs. Alving has, for appearance's sake, endured a loveless marriage to a dissolute and drunken man. She even sent her only son away from home so that he would not be corrupted by his father. But despite (or, ironically, perhaps because of) her efforts, the ghosts of the past and resurrected as her son reappears, the obvious heir to his father's sins and excesses. 
500 |a Videorecording. 
650 0 |a Families  |v Drama. 
655 7 |a Feature films.  |2 lcgft 
700 1 |a Ibsen, Henrik,  |d 1828-1906.  |t Gengangere.  |l English. 
700 1 |a Cunliffe, David. 
700 1 |a Tutin, Dorothy,  |d 1930-2001. 
700 1 |a Pasco, Richard. 
700 1 |a Fraser, Ronald. 
700 1 |a Deacon, Brian,  |d 1949- 
700 1 |a Foster, Julia. 
710 2 |a Insight Media (Firm) 
710 2 |a Yorkshire Television. 
994 |a E0  |b TXA 
948 |a cataloged  |b h  |c 2000/12/19  |d o  |e jho  |f 4:15:59 pm 
999 |a MARS 
999 f f |s 88dea252-c578-369f-af29-592cec7a3c92  |i 76350223-133b-3a3e-9944-afb97416e18e  |t 0 
952 f f |p ric  |a Texas A&M University  |b Rellis Campus  |c Joint Library Facility  |d Remote Storage  |t 0  |e PT8865 .A334 1996  |h Library of Congress classification  |i video -- videocassette  |m A14826912727 
998 f f |a PT8865 .A334 1996  |t 0  |l Remote Storage